00238nam a2200097Ia 4500008004100000082000800041100002900049245004100078942000600119999001500125240331s9999 xx 000 0 und d bWOR aSri Lanka Foundation. ed 0aWorker's participation in management cL c2365d2365